Quy hoạch chiều cao
Saved in:
| Main Author: | |
|---|---|
| Other Authors: | |
| Format: | Book |
| Language: | Undetermined |
| Published: |
H.
Xây dựng
2005
|
| Subjects: | |
| Online Access: | http://lrc.tdmu.edu.vn/opac/search/detail.asp?aID=2&ID=3547 |
| Tags: |
Add Tag
No Tags, Be the first to tag this record!
|
| Institutions: | Trung tâm Học liệu Trường Đại học Thủ Dầu Một |
|---|
| LEADER | 00616nam a2200205Ia 4500 | ||
|---|---|---|---|
| 001 | TDMU_3547 | ||
| 008 | 210410s9999 xx 000 0 und d | ||
| 082 | |a 711 | ||
| 090 | |b T685 | ||
| 100 | |a Trần, Thị vân | ||
| 245 | 0 | |a Quy hoạch chiều cao | |
| 245 | 0 | |c Trần Thị Vân, Phan Tấn Hài | |
| 260 | |a H. | ||
| 260 | |b Xây dựng | ||
| 260 | |c 2005 | ||
| 300 | |a 150tr. | ||
| 650 | |a Quy hoạch đô thị | ||
| 700 | |a Phan, Tấn Hài | ||
| 856 | |u http://lrc.tdmu.edu.vn/opac/search/detail.asp?aID=2&ID=3547 | ||
| 980 | |a Trung tâm Học liệu Trường Đại học Thủ Dầu Một | ||